Statistics for Countries Falcon has visited

Click here to take the quiz!

General Stats

  • This quiz has been taken 4 times
  • The average score is 4 of 6

Answer Stats

Continent Country % Correct
EuropeGermany
100%
North AmericaUnited States of America
100%
EuropeUnited Kingdom
75%
AfricaNigeria
50%
EuropeRomania
50%
AfricaWakanda
50%

Score Distribution

Percentile by Number Answered

Percent of People with Each Score

Your Score History

You have not taken this quiz